000 00298nam a2200121Ia 4500
003 OSt
005 20230824043148.0
008 170523s9999 xx 000 0 und d
040 _cIIMT UNIVERSITY
100 _aAGARWAL- P.K
245 0 _aMANAGEMENT PROCESS & ORGANIZATION BEHAVIOUR
942 _2ddc
_c02
999 _c10043
_d10043